Štátne pôžičky mladomanželov na Slovensku nenadchli

Napriek tomu, že si slovenskí mladomanželia môžu požičať výrazne lacnejšie ako v komerčných inštitúciách, záujem nie je veľký. Analytici vidia problém v lehote, počas ktorej je možné o pôžičky zažiadať a vo vyššom priemernom veku pri vstupe do manželstva. Tu sa otvára možnosť pre komerčné banky. Pož...

Ausführliche Beschreibung

Gespeichert in:
Bibliographische Detailangaben
Format: Buchkapitel
Sprache:Slowakisch
Schlagworte:
Tags: Tag hinzufügen
Keine Tags, Fügen Sie das erste Tag hinzu!

MARC

LEADER 00000naa a2200000 4500
001 0259171
005 20191024103528.4
041 0 |a slo 
044 |a CZ 
245 1 0 |a Štátne pôžičky mladomanželov na Slovensku nenadchli 
520 |a Napriek tomu, že si slovenskí mladomanželia môžu požičať výrazne lacnejšie ako v komerčných inštitúciách, záujem nie je veľký. Analytici vidia problém v lehote, počas ktorej je možné o pôžičky zažiadať a vo vyššom priemernom veku pri vstupe do manželstva. Tu sa otvára možnosť pre komerčné banky. Požiadavky potrebné na splnenie mladomanželského úveru. 
610 2 0 |a banky 
610 2 0 |a pôžičky obyvateľstvu 
610 2 0 |a hypotéky 
610 2 0 |a manželstvo